000 00265nam a22001217a 4500
008 181025b xxu||||| |||| 00| 0 eng d
041 _aeng
080 _a321
100 _a22
101 _aPOL
245 _aWhy Globalization Works
_c Martin.W
942 _2udc
_cBK
999 _c50928
_d50928